<?xml version="1.0" encoding="UTF-8"?><?xml-stylesheet type="text/xsl" href="static/style.xsl"?><OAI-PMH xmlns="http://www.openarchives.org/OAI/2.0/" xmlns:xsi="http://www.w3.org/2001/XMLSchema-instance" xsi:schemaLocation="http://www.openarchives.org/OAI/2.0/ http://www.openarchives.org/OAI/2.0/OAI-PMH.xsd"><responseDate>2026-04-13T11:56:19Z</responseDate><request verb="GetRecord" identifier="oai:www.recercat.cat:2445/100225" metadataPrefix="marc">https://recercat.cat/oai/request</request><GetRecord><record><header><identifier>oai:recercat.cat:2445/100225</identifier><datestamp>2025-12-04T21:21:22Z</datestamp><setSpec>com_2072_1057</setSpec><setSpec>col_2072_478788</setSpec><setSpec>col_2072_478917</setSpec><setSpec>col_2072_478932</setSpec></header><metadata><record xmlns="http://www.loc.gov/MARC21/slim" xmlns:dcterms="http://purl.org/dc/terms/" xmlns:xsi="http://www.w3.org/2001/XMLSchema-instance" xmlns:doc="http://www.lyncode.com/xoai" xsi:schemaLocation="http://www.loc.gov/MARC21/slim http://www.loc.gov/standards/marcxml/schema/MARC21slim.xsd">
   <leader>00925njm 22002777a 4500</leader>
   <datafield ind2=" " ind1=" " tag="042">
      <subfield code="a">dc</subfield>
   </datafield>
   <datafield ind2=" " ind1=" " tag="720">
      <subfield code="a">Romeo Delgado, Marina</subfield>
      <subfield code="e">author</subfield>
   </datafield>
   <datafield ind2=" " ind1=" " tag="720">
      <subfield code="a">Yepes i Baldó, Montserrat</subfield>
      <subfield code="e">author</subfield>
   </datafield>
   <datafield ind2=" " ind1=" " tag="720">
      <subfield code="a">Pérez Conesa, Francisco Javier</subfield>
      <subfield code="e">author</subfield>
   </datafield>
   <datafield ind2=" " ind1=" " tag="720">
      <subfield code="a">Pascual Haba, Carlos</subfield>
      <subfield code="e">author</subfield>
   </datafield>
   <datafield ind2=" " ind1=" " tag="260">
      <subfield code="c">2016-07-07T15:35:58Z</subfield>
   </datafield>
   <datafield ind2=" " ind1=" " tag="260">
      <subfield code="c">2016-07-07T15:35:58Z</subfield>
   </datafield>
   <datafield ind2=" " ind1=" " tag="260">
      <subfield code="c">2015</subfield>
   </datafield>
   <datafield ind2=" " ind1=" " tag="260">
      <subfield code="c">2016-07-07T15:36:03Z</subfield>
   </datafield>
   <datafield ind2=" " ind1=" " tag="520">
      <subfield code="a">El presente artículo tiene por objeto presentar los principales resultados obtenidos por la Cátedra UB-Fundación Adecco para la Integración Laboral de Personas con Discapacidad en relación a la investigación desarrollada sobre la influencia del desarrollo de políticas y estrategias de inclusión laboral de las personas con discapacidad en la efectividad organizativa (EfO) y la identificación y compromiso de los empleados. Inicialmente, se validó un instrumento de análisis del grado de desarrollo de las políticas y estrategias de inclusión laboral de las personas con discapacidad (Modelo de desarrollo de las políticas y estrategias de inclusión laboral de las personas con discapacidad, MDI-D) en las organizaciones que operan en territorio Español. A partir de éste, se analizó en qué medida el grado de despliegue de dichas políticas y estrategias influye en la efectividad organizativa (EfO) y en la identificación y compromiso de los empleados (ICI). Los resultados muestran que las políticas que más se han desarrollado en las organizaciones participantes son las relativas a las alianzas con entidades especialistas en inclusión y la colaboración con la Comunicad Local y el tejido asociativo, ambas vinculadas a acciones comunicativas con entidades externas a la organización. Por último señalar que los mayores niveles de despliegue de las políticas y estrategias de inclusión laboral de personas con discapacidad (MDI-D) se relacionan claramente con mayores niveles de compromiso de los empleados así como con un aumento de sus beneficios económico-financieros por empleado en los últimos 5 años.</subfield>
   </datafield>
   <datafield tag="653" ind2=" " ind1=" ">
      <subfield code="a">Discapacitats</subfield>
   </datafield>
   <datafield tag="653" ind2=" " ind1=" ">
      <subfield code="a">Qualitat de vida en el treball</subfield>
   </datafield>
   <datafield tag="653" ind2=" " ind1=" ">
      <subfield code="a">Transició a la vida activa</subfield>
   </datafield>
   <datafield tag="653" ind2=" " ind1=" ">
      <subfield code="a">People with disabilities</subfield>
   </datafield>
   <datafield tag="653" ind2=" " ind1=" ">
      <subfield code="a">Quality of work life</subfield>
   </datafield>
   <datafield tag="653" ind2=" " ind1=" ">
      <subfield code="a">School-to-work transition</subfield>
   </datafield>
   <datafield ind2="0" ind1="0" tag="245">
      <subfield code="a">El impacto de la RSC para la inclusión laboral de personas con discapacidad: Haciendo tangible lo intangible</subfield>
   </datafield>
</record></metadata></record></GetRecord></OAI-PMH>